The mission of the church : (Record no. 8565)
[ view plain ]
| 000 -LEADER | |
|---|---|
| fixed length control field | 01796nam a22002297a 4500 |
| 003 - CONTROL NUMBER IDENTIFIER | |
| control field | GBCCL |
| 005 - DATE AND TIME OF LATEST TRANSACTION | |
| control field | 20241126110653.0 |
| 008 - FIXED-LENGTH DATA ELEMENTS--GENERAL INFORMATION | |
| fixed length control field | 210408b ||||| |||| 00| 0 eng d |
| 020 ## - INTERNATIONAL STANDARD BOOK NUMBER | |
| International Standard Book Number | 9780801097409 |
| 020 ## - INTERNATIONAL STANDARD BOOK NUMBER | |
| International Standard Book Number | 0801097401 |
| 040 ## - CATALOGING SOURCE | |
| Transcribing agency | gbc |
| 082 ## - DEWEY DECIMAL CLASSIFICATION NUMBER | |
| Classification number | 266.001 |
| Item number | MIS |
| 245 ## - TITLE STATEMENT | |
| Title | The mission of the church : |
| Remainder of title | five views in conversation / |
| Statement of responsibility, etc. | Stephen B. Bevans, Darrell L. Guder, Ruth Padilla DeBorst, Edward Rommen, Ed Stetzer ; edited by Craig Ott. |
| 260 ## - PUBLICATION, DISTRIBUTION, ETC. | |
| Place of publication, distribution, etc. | Grand Rapids, Michigan : |
| Name of publisher, distributor, etc. | Baker Academic, a division of Baker Publishing Group, |
| Date of publication, distribution, etc. | [2016] ©2016 |
| 300 ## - PHYSICAL DESCRIPTION | |
| Extent | xxxvi, 181 pages ; |
| Dimensions | 23 cm |
| 505 ## - FORMATTED CONTENTS NOTE | |
| Formatted contents note | A prophetic dialogue approach / Stephen B. Bevans --<br/>A multicultural and translational approach / Darrell L. Guder --<br/>An integral transformation approach / Ruth Padilla DeBorst --<br/>A sacramental vision approach / Edward Rommen --<br/>An evangelical kingdom community approach / Ed Stetzer. |
| 505 ## - FORMATTED CONTENTS NOTE | |
| Formatted contents note | What is the mission of the church? Every seminarian and church leader must wrestle with that question. No matter what designation a church uses to describe itself, it must also think critically about why it exists and what it should be doing. In this book, five leading voices representing a range of Christian traditions engage in an enlightening conversation as they present and compare their perspectives on the mission of the church. Each contributor offers his or her view and responds to the other four views. Contributors include Stephen B. Bevans, Darrell L. Guder, Ruth Padilla DeBorst, Edward Rommen, and Ed Stetzer. The book's format is ideal for classroom use and will also benefit pastors and church leaders. (Publisher). |
| 650 ## - SUBJECT ADDED ENTRY--TOPICAL TERM | |
| Topical term or geographic name entry element | Mission of the church. |
| 9 (RLIN) | 50 |
| 650 ## - SUBJECT ADDED ENTRY--TOPICAL TERM | |
| Topical term or geographic name entry element | Theology, Doctrinal. |
| 9 (RLIN) | 14 |
| 650 ## - SUBJECT ADDED ENTRY--TOPICAL TERM | |
| Topical term or geographic name entry element | Church. |
| 9 (RLIN) | 263 |
| 942 ## - ADDED ENTRY ELEMENTS (KOHA) | |
| Source of classification or shelving scheme | Dewey Decimal Classification |
| Koha item type | Books |
| Koha issues (borrowed), all copies | 2 |
| Withdrawn status | Lost status | Source of classification or shelving scheme | Damaged status | Not for loan | Home library | Current Library | Shelving location | Date acquired | Total checkouts | Total renewals | Full call number | Barcode | Date last seen | Date last checked out | Copy number | Price effective from | Koha item type |
|---|---|---|---|---|---|---|---|---|---|---|---|---|---|---|---|---|---|
| Dewey Decimal Classification | GRACE BIBLE COLLEGE | GRACE BIBLE COLLEGE | Ministry & Mission | 2021-04-08 | 4 | 1 | 266.001 MIS | 020206 | 2025-09-26 | 2025-09-25 | c.1 | 2021-04-08 | Books |